1373 1768 1646 1753 1096 1921 1687 1163 1567 1188 1646 1579 1998 1158 1608 1590 1978 1319 1701 1967 1323 1701 1316 1564 1641 1291 1254 1327 1465 1671 1371 1053 1618 1972 1446 1116 1824 1779 1682 1022 1095 1611 1184 1601 1424 1723 1532 1143 1150 1469 1052 1364 1402 1015 1486 1408 1352 1931 1957 1186 1804 1175 1686 1485 1435 1431 1539 1362 1940 1026 1416 1006 1453 1304 1469 1790 1398 1609 1285 1920 1047 1206 1146 1528 1947 1511 1988 1130 1455 1850 1924 1197 1605 1406 1900 1610 1676 1533 1385 BCNSPRNW ULIB Ver.6.0+V

เปลี่ยนเป็นภาษาไทย

Change to English
 แสดงรายละเอียดบรรณานุกรม
  กลับหน้าหลัก

Brief Record : Get Marc (ISO 2709) : E-mail record : QR code < ปิดหน้าต่าง
LEADER : 00000nam 2200000uu 4500
001    13399114342
003     ULIB
008    120323s2549||||th 000 0 tha d
020    ^a9789749698969
050  4 ^aPE1130^bก726J 2549
100 0  ^aกุลนัดดา ปัจฉิมสวัสดิ์
245 10 ^aJust speak out by Nina =^bจัสท์-สปีค-เอาท์ /^cกุลนัดดา
246 31 ^aจัสท์-สปีค-เอาท์
250    ^aพิมพ์ครั้งที่ 5
260    ^aกรุงเทพฯ :^bเนชั่นบุ๊คส์,^c2549
300    ^a203 หน้า :^bภาพประกอบ ;^c19 ซม.
500    ^aSend to Single Search
650  4 ^aภาษาอังกฤษ^xการใช้ภาษา
650  4 ^aภาษาอังกฤษ^xบทสนทนาและวลี
945    ^p185^l0^i24869
995    ^aกัณชพร
999 ^a ใช้งานได้ทุกระบบ
รายการนี้ยังไม่มีแท็ก
คุณยังไม่ได้ล็อกอิน คุณสามารถมีกิจกรรมร่วมกับเว็บไซต์ได้ แต่ต้องล็อกอินก่อน ::
  ล็อกอิน

รายการสื่อสารสนเทศ

ลำดับที่ ประเภท เลขเรียก/บาร์โค้ด สถานที่ สถานะ
- ไม่พบข้อมูล -

รายการใกล้เคียง
    หัวเรื่อง [ภาษาอังกฤษ การใช้ภาษา]

BibComment


ยังไม่เคยถูกคอมเมนท์

คอมเมนท์ทรัพยากรรายการนี้
  คอมเมนท์: Just speak out b..


 Copyright 2026. Bcnsprnw @Library